000 00643cas a22002055a 4500
001 L128803
008 050214c2004 xxkbr p 0 a0eng u
022 1 _a1741-8801
035 _a(Sirsi) u128803
041 0 _aeng
110 2 _aNational Landlords Association
_95246
245 0 0 _aUK Landlord
_bThe Journal of the National Landlords Association
260 _aLondon
_bNational Landlords Association
_c2004-
362 0 _a(113) November 2004-
520 _aKept for one year
651 4 _aUnited Kingdom
690 _aLandlord and tenant
_96252
780 0 0 _tNewsletter
_bNational Landlords Assocation
_xISSN 1747-4582
942 _n0
_2ddc
999 _c118792
_d118792